OKULDA İLK GÜN (Kayıt no. 710188)

MARC ayrıntıları
000 -LEADER
sabit uzunluktaki kontrol alanı 00246nam a2200097Ia 4500
001 - KONTROL NUMARASI
kontrol alanı 710188
005 - EN SON İŞLEMİN TARİH VE ZAMANI
kontrol alanı 20250826162744.0
008 - SABİT-UZUNLUKTA VERİ ÖĞELERİ--GENEL BİLGİ
sabit uzunluktaki kontrol alanı 250824s9999 xx 000 0 und d
245 #0 - ESER / YAZAR
ESER ADI OKULDA İLK GÜN
Yazar Adı AYLA ÇINAROĞLU
260 ## - YAYIN, DAĞITIM, VB.
YAYIN EVİ UÇANBALIK YAYINLARI
Mevcut
Düşüm durumu Kayıp durumu Hasar Durumu Ödünç verilmez Ana kütüphane Geçerli Kütüphane Edinilen tarih Toplam ödünç verme sayısı Barkod Son görüntüleme tarihi Fiyatın geçerli olmaya başladığı tarih Koha materyal türü
        CAHİT ZARİFOĞLU İLKOKULU CAHİT ZARİFOĞLU İLKOKULU 24.08.2025   10273254 26.08.2025 26.08.2025 Kitaplar
Gemini Bilgi Teknolojileri A.Ş. tarafından düzenlenmiştir.